000 00614nam a2200205 4500
001 131483
003 ES-MaACL
005 20230906194005.0
007 t|
008 070214s1962 sp r ||||1| spa d
100 1 _aRodríguez Aguilera, Cesáreo.
_998320
245 1 3 _aEl recurso de la injusticia notoria /
_cCesáreo Rodríguez Aguilera, José Peré Raluy.
260 _aMadrid :
_bE. Sánchez Leal,
_c1962.
300 _a238 p. ;
_c22 cm.
490 1 _aLa toga
700 1 _aPere Raluy, José.
_9186867
830 0 _aLa toga
_9182851
852 _aES-MaACL
_jC-22910
_bR.51679
999 _c131483
_d131483